000 00331nam a2200145Ia 4500
008 230711s9999||||xx |||||||||||||| ||und||
041 _aENG
082 _a624
_bIC-A
100 _aI C Engineers
245 0 _aAirports for people
250 _a1st
260 _c1988
_aLondon
_bThomas Telford
650 _aArchitecture
942 _cBK
999 _c1242
_d1242